000 00589nam a2200205 u 4500
005 20240320063712.0
008 100519s1994 r 000 0 eng d
020 _a842612853X
035 _aUPN01000175965
049 _aCG
050 4 _aPS3505 U9.2
_bB3.7
100 1 _aCurwood, James Oliver
245 1 0 _aBari, hijo de Kazán /
_cJ. Oliver Curwood.
260 _aBarcelona, Esp. :
_bJuventud,
_c1994.
300 _a253 p.
440 0 _aUniversal ;
_v27.
_pLegendario oeste
650 4 _aNovela estadounidense
_94462
650 7 _aAnimales en la literatura
_2
_91055
905 _aLibro
999 _c148068
_d148068